<?xml version="1.0" encoding="UTF-8"?>
<record
    xmlns:xsi="http://www.w3.org/2001/XMLSchema-instance"
    xsi:schemaLocation="http://www.loc.gov/MARC21/slim http://www.loc.gov/standards/marcxml/schema/MARC21slim.xsd"
    xmlns="http://www.loc.gov/MARC21/slim">

  <leader>00849nam a22001577a 4500</leader>
  <controlfield tag="003">OSt</controlfield>
  <controlfield tag="005">20151216151230.0</controlfield>
  <controlfield tag="008">151216b        xxu||||| |||| 00| 0 eng d</controlfield>
  <datafield tag="040" ind1=" " ind2=" ">
    <subfield code="c">RUA </subfield>
  </datafield>
  <datafield tag="082" ind1=" " ind2=" ">
    <subfield code="a">AED SOE 2004 B217 Or.1</subfield>
  </datafield>
  <datafield tag="100" ind1=" " ind2=" ">
    <subfield code="9">4944</subfield>
    <subfield code="a">SOEU CHANTHAN; &#x179F;&#x17CA;&#x17BA; &#x1785;&#x17B6;&#x1793;&#x17CB;&#x1790;&#x1793;</subfield>
  </datafield>
  <datafield tag="245" ind1=" " ind2=" ">
    <subfield code="a">Credit efficiency of prasac credit association on people livelihood in peam ro commune, peam ro district, prey veng province, &#x1794;&#x17D2;&#x179A;&#x179F;&#x17B7;&#x1791;&#x17D2;&#x1792;&#x1797;&#x17B6;&#x1796;&#x17A5;&#x178E;&#x1791;&#x17B6;&#x1793;&#x179A;&#x1794;&#x179F;&#x17CB;&#x179F;&#x1798;&#x17B6;&#x1782;&#x1798;&#x1793;&#x17CD;&#x17A5;&#x178E;&#x1791;&#x17B6;&#x1793;&#x1794;&#x17D2;&#x179A;&#x17B6;&#x179F;&#x17B6;&#x1780;&#x17CB; &#x1791;&#x17C5;&#x179B;&#x17BE;&#x1798;&#x17BB;&#x1781;&#x179A;&#x1794;&#x179A;&#x1785;&#x17B7;&#x1789;&#x17D2;&#x1785;&#x17B9;&#x1798;&#x1787;&#x17B8;&#x179C;&#x17B7;&#x178F;&#x179A;&#x1794;&#x179F;&#x17CB;&#x1794;&#x17D2;&#x179A;&#x1787;&#x17B6;&#x1787;&#x1793;&#x200B; &#x1783;&#x17BB;&#x17C6;&#x1796;&#x17B6;&#x1798;&#x179A;&#x1780;&#x17CD; &#x179F;&#x17D2;&#x179A;&#x17BB;&#x1780;&#x1796;&#x17B6;&#x1798;&#x179A;&#x1780;&#x17CD;&#x17E6; &#x1781;&#x17C1;&#x178F;&#x17D2;&#x178F;&#x1796;&#x17D2;&#x179A;&#x17C3;&#x179C;&#x17C2;&#x1784;.</subfield>
  </datafield>
  <datafield tag="260" ind1=" " ind2=" ">
    <subfield code="a">Phnom Penh </subfield>
    <subfield code="b">RUA </subfield>
    <subfield code="c">2004</subfield>
  </datafield>
  <datafield tag="300" ind1=" " ind2=" ">
    <subfield code="a">xi; 52p.</subfield>
    <subfield code="b">ill.</subfield>
    <subfield code="c">29cm.</subfield>
  </datafield>
  <datafield tag="942" ind1=" " ind2=" ">
    <subfield code="2">ddc</subfield>
    <subfield code="c">AED</subfield>
  </datafield>
  <datafield tag="999" ind1=" " ind2=" ">
    <subfield code="c">4593</subfield>
    <subfield code="d">4593</subfield>
  </datafield>
  <datafield tag="952" ind1=" " ind2=" ">
    <subfield code="0">0</subfield>
    <subfield code="1">0</subfield>
    <subfield code="2">ddc</subfield>
    <subfield code="4">0</subfield>
    <subfield code="6">AED_SOE_2004_000000000000000_B217_OR_1</subfield>
    <subfield code="7">0</subfield>
    <subfield code="9">23743</subfield>
    <subfield code="a">LBB</subfield>
    <subfield code="b">LBB</subfield>
    <subfield code="c">B217</subfield>
    <subfield code="d">2015-12-16</subfield>
    <subfield code="o">AED SOE 2004 B217 Or.1</subfield>
    <subfield code="p">RUA030770</subfield>
    <subfield code="r">2015-12-16</subfield>
    <subfield code="w">2015-12-16</subfield>
    <subfield code="y">AED</subfield>
  </datafield>
</record>
